000 01015cam a2200301 4500
001 J62173
008 000000n2001 000 0 eng u
035 _a(Sirsi) u108829
041 _aeng
050 _a711.552
100 _aWood, Trevor
110 _aFPDSavills
_93625
245 4 _aThe definitive guide to retail & leisure parks : shopping meets leisure 2001.
260 _aLondon
_bFPDSaviils
_c2001
300 _aiv,178p. ; 30cm.
350 _a125.00
520 _aDetailed information on all retail parks leisure parks and major retail warehouse or leisure schemes in the UK. Includes rankings and listing of proposed schemes and those under construction. NOT FOR LOAN.
650 _aRETAILING
650 _aSHOPPING
650 _aLEISURE PARKS
650 _aRETAIL PARKS
650 _aOUT OF TOWN DEVELOPMENT
650 _aRETAIL WAREHOUSES
650 _aRANKINGS
690 _aPROPERTY-COMMERCIAL PROPERTY-RETAIL PROPERTY
710 _aT W Research Associates
_93658
942 _n0
999 _c100858
_d100858